The Second heads and tails (Record no. 41646)

MARC details
000 -LEADER
fixed length control field 00274nam a2200109Ia 4500
082 ## - DEWEY DECIMAL CLASSIFICATION NUMBER
Classification number 504
Item number MAN
100 ## - MAIN ENTRY--AUTHOR NAME
Personal name Maneka Gandhi
245 #4 - TITLE STATEMENT
Title The Second heads and tails
260 ## - PUBLICATION, DISTRIBUTION, ETC. (IMPRINT)
Place of publication Goa
Name of publisher The Other India Press
Year of publication 1996
942 ## - ADDED ENTRY ELEMENTS (KOHA)
Koha item type Books
Holdings
Withdrawn status Lost status Damaged status Not for loan Home library Current library Date acquired Cost, normal purchase price Full call number Accession Number Koha item type
        RRII Library RRII Library 16/12/2021 75.00 504 MAN 21932 Books